| 000 | 00441nam a2200145Ia 4500 | ||
|---|---|---|---|
| 005 | 20250429111241.0 | ||
| 008 | 231217s9999 xx 000 0 und d | ||
| 020 | _a9781572315600 | ||
| 100 | _aKousiur, David. | ||
| 245 | 0 | _aUnderstanding electronic commerce : how online transactions can grow your business | |
| 260 |
_c1997 _bMicrosoft Press _aUSA |
||
| 300 | _ax+287 | ||
| 650 | _aUnderstanding,commerce,can,grow,business | ||
| 942 | _cAA | ||
| 999 |
_c182589 _d182589 |
||